000 00415nam a22001457a 4500
999 _c7523
_d7521
005 20210306105017.0
008 210306b ||||| |||| 00| 0 eng d
082 _a346.066
100 _aAIYAR, A.N.
_96466
245 _aREPORTS OF COMPANY CASES INCLUDING CASES OF BANKING AND INSURENCE [VOL-20]
260 _aMADRAS
_bTHE COMPANY INSTITUTE OF INDIA
_c1950
300 _aI-22,P
650 _aLAW
_95701
942 _cJRL